[Event "Sofia MGU op 186th"]
[Site "Sofia"]
[Date "2017.05.28"]
[Round "5"]
[White "Andreev, Dobrotich"]
[Black "Bakalov, Milko"]
[Result "0-1"]
[WhiteElo "1937"]
[BlackElo "1774"]
[PlyCount "50"]
[EventDate "2017.05.27"]
[EventType "swiss"]
[EventRounds "6"]
[EventCountry "BUL"]
[SourceTitle "CBM 178 Extra"]
[Source "ChessBase"]
[SourceDate "2017.06.22"]
[SourceVersion "1"]
[SourceVersionDate "2017.06.22"]
[SourceQuality "1"]

1. e4 c6 2. Nc3 d5 3. Nf3 Bg4 4. h3 Bh5 5. exd5 cxd5 6. Bb5+ Nc6 7. g4 Bg6 8. Ne5 Rc8 9. d4 e6 10. h4 f6 11. h5 Bxc2 12. Qxc2 fxe5 13. dxe5 Bb4 14. a3 Bxc3+ 15. Qxc3 Qb6 16. Ba4 Nge7 17. Bd2 0-0 18. f4 Nd4 19. Qd3 Rc4 20. b3 Nc2+ 21. Ke2 Re4+ 22. Kf3 Nxa1 23. Rxa1 g5 24. Be3 Rxe3+ 25. Qxe3 Rxf4+ 0-1

[Event "Sofia MGU op 186th"]
[Site "Sofia"]
[Date "2017.05.27"]
[Round "3"]
[White "Anavi, David"]
[Black "Bakalov, Milko"]
[Result "1/2-1/2"]
[WhiteElo "1491"]
[BlackElo "1774"]
[PlyCount "49"]
[EventDate "2017.05.27"]
[EventType "swiss"]
[EventRounds "6"]
[EventCountry "BUL"]
[SourceTitle "CBM 178 Extra"]
[Source "ChessBase"]
[SourceDate "2017.06.22"]
[SourceVersion "1"]
[SourceVersionDate "2017.06.22"]
[SourceQuality "1"]

1. e4 c5 2. c3 d5 3. exd5 Qxd5 4. d4 cxd4 5. cxd4 Nc6 6. Nf3 e6 7. Nc3 Bb4 8. a3 Bxc3+ 9. bxc3 Nf6 10. c4 Qa5+ 11. Bd2 Qc7 12. Bd3 0-0 13. 0-0 e5 14. dxe5 Nxe5 15. Bf4 Nxf3+ 16. Qxf3 Qc6 17. Qxc6 bxc6 18. Rfe1 Rd8 19. Rad1 Ba6 20. Rd2 Rd7 21. Red1 Re8 22. h3 h6 23. Bh7+ Kxh7 24. Rxd7 Nxd7 25. Rxd7 1/2-1/2

[Event "Kyustendil The three beeches op A 2nd"]
[Site "Kyustendil"]
[Date "2016.07.10"]
[Round "7.3"]
[White "Pavlov, Vladimir"]
[Black "Bakalov, Milko"]
[Result "0-1"]
[WhiteElo "1832"]
[BlackElo "1735"]
[PlyCount "64"]
[EventDate "2016.07.07"]
[EventType "swiss"]
[EventRounds "7"]
[EventCountry "BUL"]
[SourceTitle "EXT 2024"]
[Source "ChessBase"]
[SourceDate "2023.10.10"]
[SourceVersion "1"]
[SourceVersionDate "2023.10.10"]
[SourceQuality "1"]

1. e4 c6 2. d4 d5 3. f3 dxe4 4. Bc4 Nf6 5. Bg5 e5 6. c3 Be7 7. Bxf6 Bxf6 8. dxe5 Qxd1+ 9. Kxd1 Bxe5 10. fxe4 0-0 11. Kc2 Bg4 12. h3 Bh5 13. Nd2 Nd7 14. g4 Bg6 15. Ngf3 Rfe8 16. b4 Bf4 17. Rae1 Ne5 18. Nxe5 Rxe5 19. Rhf1 Bxd2 20. Kxd2 Rd8+ 21. Kc1 Rde8 22. h4 Rxe4 23. Rxe4 Rxe4 24. Rd1 h6 25. Bd3 Rxg4 26. Bxg6 fxg6 27. Rd7 Rxh4 28. Rxb7 g5 29. Re7 Rf4 30. Re1 Kf7 31. Kb2 g4 32. Rg1 h5 0-1

[Event "Kyustendil The three beeches op A 2nd"]
[Site "Kyustendil"]
[Date "2016.07.09"]
[Round "5.4"]
[White "Veljanoski, Andrej"]
[Black "Bakalov, Milko"]
[Result "1/2-1/2"]
[WhiteElo "1706"]
[BlackElo "1735"]
[PlyCount "90"]
[EventDate "2016.07.07"]
[EventType "swiss"]
[EventRounds "7"]
[EventCountry "BUL"]
[SourceTitle "EXT 2024"]
[Source "ChessBase"]
[SourceDate "2023.10.10"]
[SourceVersion "1"]
[SourceVersionDate "2023.10.10"]
[SourceQuality "1"]

1. e4 c6 2. d4 d5 3. exd5 cxd5 4. Bd3 Nc6 5. c3 Nf6 6. h3 g6 7. Qc2 Bg7 8. Nf3 Qc7 9. 0-0 0-0 10. b3 a6 11. Ba3 b5 12. Nbd2 Bd7 13. Bc5 Rfe8 14. b4 e5 15. Nxe5 Nxe5 16. dxe5 Qxe5 17. Nb3 Bf5 18. Bxf5 gxf5 19. Bd4 Qe4 20. Qd2 Qh4 21. Nc5 f4 22. f3 Qg5 23. Rfe1 Qf5 24. Rxe8+ Nxe8 25. a4 Nc7 26. a5 Ne6 27. Rd1 Nxc5 28. Bxc5 Rd8 29. Bb6 Rd7 30. Re1 Be5 31. Bd4 f6 32. Qe2 Re7 33. Kh1 Kf7 34. Kh2 Re6 35. Qd2 Rd6 36. Qf2 Rc6 37. Qd2 Rd6 38. Qd1 Rd7 39. Re2 Rd6 40. Rd2 Qe6 41. Qc2 Kg7 42. Re2 Rd7 43. Qb1 Re7 44. Kh1 Qd7 45. Qe1 Qf5 1/2-1/2